00515nam a22001697a 450000500170000001000130001702000260003003500120005603700160006808200070008410000240009124500530011524600580016826000600022630000210028670000380030720230906151405.0 aUR-12213 a9789358108866c850.00 aU-10768 bDBAD/PUBa- aن aشبّیر احمد aبدروھی /cشبّیر احمدhا ر د و aBidrohi : The Rebel in the Making /bby Shabbir Ahmed aکولکاتاbزویا پبلی کےشنزc2023 ء  a720 صc23cm(Hb) aمرتب۔ دردانہ قبسی